<?xml version="1.0" encoding="UTF-8"?>
<collection xmlns="http://www.loc.gov/MARC21/slim">
 <record>
  <leader>01306nam a2200169Ia 4500</leader>
  <controlfield tag="001">CTU_23659</controlfield>
  <controlfield tag="008">210402s9999    xx            000 0 und d</controlfield>
  <datafield tag="082" ind1=" " ind2=" ">
   <subfield code="a">657.45</subfield>
  </datafield>
  <datafield tag="082" ind1=" " ind2=" ">
   <subfield code="b">Đ552/P.1</subfield>
  </datafield>
  <datafield tag="100" ind1=" " ind2=" ">
   <subfield code="a">Vũ, Hữu Đức</subfield>
  </datafield>
  <datafield tag="245" ind1=" " ind2="0">
   <subfield code="a">Kiểm toán</subfield>
  </datafield>
  <datafield tag="245" ind1=" " ind2="0">
   <subfield code="c">Vũ Hữu Đức</subfield>
  </datafield>
  <datafield tag="260" ind1=" " ind2=" ">
   <subfield code="c">1990s</subfield>
  </datafield>
  <datafield tag="520" ind1=" " ind2=" ">
   <subfield code="a">Tổng quan về kiểm toán và kiểm toán độc lập. Giới thiệu về môi trường kiểm toán, hệ thống kiểm soát nội bộ, chuẩn bị kiểm toán, bằng chứng kiểm toán, kiểm toán trong môi trường tin học, và hoàn thành kiểm toán. Trình bày kiểm toán về: tiền, nợ phải thu khách hàng, hàng tồn kho và giá vốn hàng bán, tài sản cố định và chi phí khấu hao, nợ phải trả và nguồn vốn chủ sở hữu, thu nhập và chi phí. Khái quát về các dịch vụ của doanh nghiệp kiểm toán cũng như kiểm toán nội bộ và kiểm toán của Nhà nước</subfield>
  </datafield>
  <datafield tag="650" ind1=" " ind2=" ">
   <subfield code="a">Auditing,Managerial accounting,Hạch toán,Kế toán quản lý</subfield>
  </datafield>
  <datafield tag="904" ind1=" " ind2=" ">
   <subfield code="i">Phượng, 980509, lthieu</subfield>
  </datafield>
  <datafield tag="980" ind1=" " ind2=" ">
   <subfield code="a">Trung tâm Học liệu Trường Đại học Cần Thơ</subfield>
  </datafield>
 </record>
</collection>
